[Event "Tradewise Gibraltar Chess Festival 2013"]
[Site "Gibraltar ENG"]
[Date "2013.01.23"]
[Round "2.45"]
[White "Hoang, Thanh Trang"]
[Black "Olhovik, Andrei"]
[Result "1-0"]
[WhiteElo "2469"]
[BlackElo "2246"]
[PlyCount "109"]
[EventDate "2013.01.22"]
[EventType "swiss"]
[EventRounds "10"]
[EventCountry "ENG"]
[Source "lmi"]
[SourceDate "2013.01.22"]

1. d4 d5 2. Bf4 e6 3. e3 Bd6 4. Bg3 c5 5. c3 Nc6 6. Nf3 Nge7 7. Bd3 b6 8. Ne5
Nxe5 9. dxe5 Bc7 10. Qg4 Ng6 11. f4 O-O 12. Nd2 f5 13. Qe2 Bd7 14. h4 Nh8 15.
h5 Nf7 16. Bh4 Qe8 17. g4 Nh6 18. gxf5 exf5 19. O-O-O Bd8 20. c4 Bxh4 21. Rxh4
Be6 22. cxd5 Bxd5 23. Bc4 Rd8 24. Rhh1 Qe6 25. b3 Bxc4 26. Qxc4 Kf7 27. Qa6 Kg8
28. Nc4 Qe7 29. Nd6 Ra8 30. Rhg1 Kh8 31. Rg5 Rad8 32. Qe2 Qe6 33. Rdg1 Rd7 34.
Qg2 Rg8 35. Kb1 Rc7 36. e4 fxe4 37. Qxe4 Re7 38. Qg2 Rd7 39. Qg3 Re7 40. Re1
Rf8 41. Rg1 Rg8 42. Qg2 Rd7 43. Qc6 Re7 44. Re1 Qh3 45. Qe4 Rd8 46. Rd1 Qe6 47.
Qf3 Rf8 48. Rd5 Nf7 49. Nxf7+ Qxf7 50. h6 gxh6 51. Rg3 Qf5+ 52. Kb2 Ref7 53.
Qc3 Qe4 54. e6+ Rf6 55. Qxf6+ 1-0

[Event "Tradewise Gibraltar Chess Festival 2013"]
[Site "Gibraltar ENG"]
[Date "2013.01.23"]
[Round "2.46"]
[White "Lederman, Leon"]
[Black "Kurmann, Oliver"]
[Result "0-1"]
[WhiteElo "2239"]
[BlackElo "2456"]
[PlyCount "66"]
[EventDate "2013.01.22"]
[EventType "swiss"]
[EventRounds "10"]
[EventCountry "ENG"]
[Source "lmi"]
[SourceDate "2013.01.22"]

1. e4 c5 2. Nf3 e6 3. d4 cxd4 4. Nxd4 a6 5. Bd3 Bc5 6. Nb3 Be7 7. c4 d6 8. Nc3
Nf6 9. O-O b6 10. Qe2 Qc7 11. Be3 Nbd7 12. Rac1 Bb7 13. f3 Rc8 14. Qf2 O-O 15.
Rfd1 Bd8 16. Be2 Qb8 17. g4 Ne5 18. Bxb6 Nxc4 19. Bxc4 Rxc4 20. Na5 Rc8 21. Ba7
Qa8 22. Nxb7 Qxb7 23. Rxd6 Nd7 24. Be3 Ne5 25. b3 f5 26. Qg3 f4 27. Bxf4 Bh4
28. Bxe5 Bxg3 29. hxg3 Rxf3 30. Rcd1 Qa7+ 31. Kg2 Qf2+ 32. Kh3 Rxg3+ 33. Bxg3
Rxc3 0-1

[Event "Tradewise Gibraltar Chess Festival 2013"]
[Site "Gibraltar ENG"]
[Date "2013.01.23"]
[Round "2.47"]
[White "Cernousek, Lukas"]
[Black "Nuri, Kambez"]
[Result "0-1"]
[WhiteElo "2453"]
[BlackElo "2241"]
[PlyCount "70"]
[EventDate "2013.01.22"]
[EventType "swiss"]
[EventRounds "10"]
[EventCountry "ENG"]
[Source "lmi"]
[SourceDate "2013.01.22"]

1. d4 d5 2. c4 e6 3. Nc3 c5 4. cxd5 exd5 5. Nf3 Nc6 6. dxc5 d4 7. Na4 Bxc5 8.
Nxc5 Qa5+ 9. Bd2 Qxc5 10. Rc1 Qb6 11. e3 Nge7 12. Bc4 O-O 13. O-O Bg4 14. Qb3
Qxb3 15. Bxb3 dxe3 16. Bxe3 Bxf3 17. gxf3 Nf5 18. Bd5 Nfe7 19. Be4 f5 20. Bc2
f4 21. Bb3+ Kh8 22. Bc5 Rfd8 23. Rfd1 Nf5 24. Bd5 Rab8 25. Bxc6 bxc6 26. Bxa7
Rxd1+ 27. Rxd1 Ra8 28. Rd7 h5 29. a4 Nh4 30. a5 Re8 31. Kf1 Nxf3 32. Bb6 Re1+
33. Kg2 Nh4+ 34. Kh3 g5 35. a6 Nf3 0-1

[Event "Tradewise Gibraltar Chess Festival 2013"]
[Site "Gibraltar ENG"]
[Date "2013.01.23"]
[Round "2.48"]
[White "Hommerson, Paul"]
[Black "Womacka, Mathias"]
[Result "0-1"]
[WhiteElo "2237"]
[BlackElo "2442"]
[PlyCount "84"]
[EventDate "2013.01.22"]
[EventType "swiss"]
[EventRounds "10"]
[EventCountry "ENG"]
[Source "lmi"]
[SourceDate "2013.01.22"]

1. e4 c5 2. Nf3 d6 3. d4 cxd4 4. Nxd4 Nf6 5. Nc3 a6 6. Be3 e5 7. Nb3 Be7 8. f3
Be6 9. Qd2 O-O 10. O-O-O Nbd7 11. g4 Qc7 12. Kb1 b5 13. g5 Nh5 14. Nd5 Bxd5 15.
exd5 Nb6 16. Na5 Nxd5 17. Qxd5 Qxa5 18. c4 Rab8 19. Rc1 Qd8 20. cxb5 axb5 21.
Rg1 Qd7 22. Bd3 g6 23. Rc6 Ng7 24. Bxb5 Qb7 25. a4 Ne6 26. Qe4 Nc7 27. Rb6
Qxe4+ 28. fxe4 Rxb6 29. Bxb6 Nxb5 30. axb5 Rb8 31. Bc7 Rxb5 32. Rd1 Bxg5 33.
Bxd6 Bf4 34. h4 f5 35. exf5 gxf5 36. b4 Kf7 37. Kc2 Bg3 38. Kc3 Ke6 39. Kc4 Rb7
40. b5 Rd7 41. Rg1 Bf2 42. Rf1 Bb6 0-1

[Event "Tradewise Gibraltar Chess Festival 2013"]
[Site "Gibraltar ENG"]
[Date "2013.01.23"]
[Round "2.50"]
[White "Akesson, Ralf"]
[Black "Dolzhikova, Olga"]
[Result "1-0"]
[WhiteElo "2441"]
[BlackElo "2239"]
[PlyCount "89"]
[EventDate "2013.01.22"]
[EventType "swiss"]
[EventRounds "10"]
[EventCountry "ENG"]
[Source "lmi"]
[SourceDate "2013.01.22"]

1. d4 Nf6 2. c4 e6 3. Nc3 Bb4 4. Qc2 d5 5. cxd5 exd5 6. Bg5 c5 7. a3 Bxc3+ 8.
Qxc3 cxd4 9. Qxd4 Nc6 10. Qf4 d4 11. Bxf6 gxf6 12. Nf3 Qb6 13. Qd2 Bg4 14. g3
Bxf3 15. exf3 Ne5 16. Bg2 Qxb2 17. Qxb2 Nd3+ 18. Kd2 Nxb2 19. Rhc1 b5 20. f4
Rb8 21. Rab1 Na4 22. Bc6+ Ke7 23. Rxb5 Rxb5 24. Bxb5 Nc3 25. Re1+ Kd6 26. Bc4
Rb8 27. Kd3 Nb1 28. Bxf7 Rb2 29. Kxd4 Nxa3 30. Re6+ Kd7 31. Ra6 Nb5+ 32. Ke3
Rc2 33. Bg8 h6 34. Rxf6 Nd6 35. g4 Rc3+ 36. Kd4 Rh3 37. Ke5 Nb5 38. Bd5 Nc7 39.
Rf7+ Kd8 40. Bc6 Rxh2 41. Rd7+ Kc8 42. Rh7 Kd8 43. g5 Rxf2 44. g6 Re2+ 45. Be4
1-0

[Event "Tradewise Gibraltar Chess Festival 2013"]
[Site "Gibraltar ENG"]
[Date "2013.01.23"]
[Round "2.51"]
[White "Pinho, Paulo"]
[Black "Zhou, Yang-Fan"]
[Result "0-1"]
[WhiteElo "2128"]
[BlackElo "2439"]
[PlyCount "44"]
[EventDate "2013.01.22"]
[EventType "swiss"]
[EventRounds "10"]
[EventCountry "ENG"]
[Source "lmi"]
[SourceDate "2013.01.22"]

1. d4 Nf6 2. c4 g6 3. Nc3 Bg7 4. e4 O-O 5. Nf3 d6 6. Be2 Nbd7 7. O-O e5 8. Qc2
Nh5 9. Rd1 Nf4 10. Bf1 c5 11. Bxf4 exf4 12. Nb5 cxd4 13. Nfxd4 Ne5 14. c5 dxc5
15. Ne6 Bxe6 16. Rxd8 Raxd8 17. Qxc5 Rd2 18. h3 Rxb2 19. Qxa7 Bf6 20. Nc3 Rc2
21. Nd1 Nf3+ 22. gxf3 Bxa1 0-1

[Event "Tradewise Gibraltar Chess Festival 2013"]
[Site "Gibraltar ENG"]
[Date "2013.01.23"]
[Round "2.52"]
[White "Poetsch, Hagen"]
[Black "Lyell, Mark"]
[Result "1-0"]
[WhiteElo "2437"]
[BlackElo "2235"]
[PlyCount "77"]
[EventDate "2013.01.22"]
[EventType "swiss"]
[EventRounds "10"]
[EventCountry "ENG"]
[Source "lmi"]
[SourceDate "2013.01.22"]

1. e4 c6 2. d4 d5 3. e5 c5 4. dxc5 Nc6 5. Nf3 e6 6. a3 Bxc5 7. b4 Bb6 8. Bb2
Nh6 9. h3 Nf5 10. Bd3 Nh4 11. O-O Nxf3+ 12. Qxf3 Qg5 13. Re1 Bd7 14. g3 Nd4 15.
Bxd4 Bxd4 16. h4 Qh6 17. c3 Bb6 18. Kg2 O-O 19. Qe2 f6 20. f4 Rac8 21. a4 a6
22. a5 Bc7 23. Ra2 fxe5 24. fxe5 Bb8 25. b5 Bxb5 26. Bxb5 axb5 27. Qxb5 g5 28.
Ra4 Qh5 29. Qe2 Qxe2+ 30. Rxe2 Rf5 31. Rb4 gxh4 32. Rxb7 hxg3 33. a6 Bxe5 34.
a7 Rf2+ 35. Rxf2 gxf2 36. Na3 Rf8 37. Kf1 d4 38. Nc4 Bf4 39. cxd4 1-0

[Event "Tradewise Gibraltar Chess Festival 2013"]
[Site "Gibraltar ENG"]
[Date "2013.01.23"]
[Round "2.53"]
[White "Trent, Lawrence"]
[Black "Ferrante, Marco"]
[Result "1-0"]
[WhiteElo "2429"]
[BlackElo "2227"]
[PlyCount "41"]
[EventDate "2013.01.22"]
[EventType "swiss"]
[EventRounds "10"]
[EventCountry "ENG"]
[Source "lmi"]
[SourceDate "2013.01.22"]

1. e4 e6 2. d4 d5 3. Bd3 c5 4. exd5 exd5 5. Nf3 Nf6 6. O-O Be7 7. dxc5 O-O 8.
Be3 a5 9. h3 Na6 10. c3 Nxc5 11. Bb5 Nfe4 12. Nbd2 Qb6 13. a4 Qg6 14. Ne5 Qe6
15. Ndf3 Bd6 16. Re1 Rd8 17. Bxc5 Bxe5 18. Rxe4 Bh2+ 19. Kxh2 Qxe4 20. Qd2 d4
21. Re1 1-0

[Event "Tradewise Gibraltar Chess Festival 2013"]
[Site "Gibraltar ENG"]
[Date "2013.01.23"]
[Round "2.54"]
[White "Jameson, David"]
[Black "Ivanchuk, Vassily"]
[Result "0-1"]
[WhiteElo "2143"]
[BlackElo "2758"]
[PlyCount "94"]
[EventDate "2013.01.22"]
[EventType "swiss"]
[EventRounds "10"]
[EventCountry "ENG"]
[Source "lmi"]
[SourceDate "2013.01.22"]

1. d4 Nf6 2. c4 d6 3. Nc3 e5 4. dxe5 dxe5 5. Qxd8+ Kxd8 6. Bg5 c6 7. Nf3 Nbd7
8. Ne4 Kc7 9. Nxf6 gxf6 10. Bh4 Bb4+ 11. Nd2 f5 12. O-O-O a5 13. Nf3 a4 14. a3
Bd6 15. Ng5 Rf8 16. e4 Nc5 17. f3 Ra6 18. Nxh7 Rh8 19. Nf6 Rb6 20. Bf2 Be7 21.
Kc2 Rb3 22. Bxc5 Bxc5 23. exf5 Bxf5+ 24. Bd3 Be6 25. Ne4 Bd4 26. Rb1 f5 27. Nd2
Rb6 28. b4 c5 29. h4 Rd6 30. Rh2 Rhd8 31. Rd1 cxb4 32. axb4 a3 33. Nb3 a2 34.
Rhh1 a1=Q 35. Nxa1 Bxa1 36. h5 Bd4 37. h6 Ra6 38. Kb3 Rda8 39. Bb1 Ra3+ 40. Kc2
Bxc4 41. h7 Bb3+ 42. Kd2 Bxd1 43. h8=Q Rxh8 44. Rxh8 Ba4 45. Bxf5 Ra2+ 46. Ke1
Bf2+ 47. Kf1 Bb5+ 0-1

[Event "Tradewise Gibraltar Chess Festival 2013"]
[Site "Gibraltar ENG"]
[Date "2013.01.23"]
[Round "2.56"]
[White "Zhao, Xue"]
[Black "Aerni, Andreas"]
[Result "1/2-1/2"]
[WhiteElo "2554"]
[BlackElo "2206"]
[PlyCount "137"]
[EventDate "2013.01.22"]
[EventType "swiss"]
[EventRounds "10"]
[EventCountry "ENG"]
[Source "lmi"]
[SourceDate "2013.01.22"]

1. d4 Nf6 2. c4 c5 3. d5 e6 4. Nc3 exd5 5. cxd5 d6 6. Nf3 g6 7. Bf4 Bg7 8. Qa4+
Bd7 9. Qb3 Qc7 10. e4 O-O 11. Nd2 Na6 12. Be2 Rab8 13. a4 Nb4 14. Nc4 Ne8 15.
O-O a6 16. a5 Bb5 17. Nxb5 axb5 18. Nb6 Qe7 19. Bxb5 Qxe4 20. Qc4 Qxc4 21. Bxc4
Rd8 22. Rae1 Bf6 23. Re2 g5 24. Bd2 Nc7 25. Bc3 Bxc3 26. bxc3 Nba6 27. f4 g4
28. Bxa6 bxa6 29. Re7 Nb5 30. c4 Nd4 31. Rfe1 Nf5 32. Ra7 Rfe8 33. Rxe8+ Rxe8
34. Kf2 Re3 35. Rxa6 Ra3 36. Ra8+ Kg7 37. a6 Ra2+ 38. Ke1 Ne3 39. a7 Nxg2+ 40.
Kd1 h5 41. Nc8 h4 42. Ne7 Ne3+ 43. Kc1 Kf6 44. Nc6 g3 45. hxg3 hxg3 46. Rg8 g2
47. Rg5 Ra6 48. Kb1 Ra3 49. Kc1 Nxc4 50. Rxg2 Ra1+ 51. Kc2 Ne3+ 52. Kb2 Rxa7
53. Nxa7 Nxg2 54. Nc8 Nxf4 55. Nxd6 Nxd5 56. Ne4+ Ke5 57. Nxc5 Kd4 58. Nd7 f5
59. Kc2 Ke3 60. Kd1 f4 61. Ke1 Kf3 62. Ne5+ Kg3 63. Ke2 Nf6 64. Kf1 Ne4 65. Ke2
Nc3+ 66. Kf1 Ne4 67. Ke2 Kg2 68. Nd3 f3+ 69. Ke3 1/2-1/2

[Event "Tradewise Gibraltar Chess Festival 2013"]
[Site "Gibraltar ENG"]
[Date "2013.01.23"]
[Round "2.57"]
[White "Samu, Sorin-Mihai"]
[Black "Maze, Sebastien"]
[Result "0-1"]
[WhiteElo "2095"]
[BlackElo "2546"]
[PlyCount "74"]
[EventDate "2013.01.22"]
[EventType "swiss"]
[EventRounds "10"]
[EventCountry "ENG"]
[Source "lmi"]
[SourceDate "2013.01.22"]

1. e4 c5 2. Nc3 Nc6 3. Bb5 Nd4 4. Bc4 g6 5. Nf3 Bg7 6. O-O a6 7. a4 e6 8. Re1
d6 9. d3 Ne7 10. Bg5 h6 11. Bh4 Qc7 12. Bg3 Nxf3+ 13. Qxf3 O-O 14. h4 h5 15.
Qf4 Rd8 16. Qg5 Kh7 17. Qf4 Nc6 18. Qd2 Ne5 19. Ba2 Bd7 20. Bb1 Qb6 21. Nd1 Ng4
22. c3 d5 23. a5 Qc6 24. f3 Nh6 25. Nf2 Be8 26. Qe2 b5 27. Nh3 d4 28. Rc1 Rac8
29. Ng5+ Kh8 30. Ba2 Ng8 31. Bb3 dxc3 32. bxc3 Qd7 33. Qa2 Qxd3 34. Nxe6 fxe6
35. Bxe6 c4 36. Bxc8 Rxc8 37. Qa3 Bf7 0-1

[Event "Tradewise Gibraltar Chess Festival 2013"]
[Site "Gibraltar ENG"]
[Date "2013.01.23"]
[Round "2.58"]
[White "Grigoryan, Meri"]
[Black "Larino Nieto, David"]
[Result "0-1"]
[WhiteElo "2025"]
[BlackElo "2497"]
[PlyCount "58"]
[EventDate "2013.01.22"]
[EventType "swiss"]
[EventRounds "10"]
[EventCountry "ENG"]
[Source "lmi"]
[SourceDate "2013.01.22"]

1. d4 Nf6 2. Nf3 g6 3. c4 Bg7 4. Nc3 d6 5. e4 O-O 6. h3 e5 7. d5 Nh5 8. g4 Nf4
9. Ne2 f5 10. gxf5 gxf5 11. Nxf4 exf4 12. exf5 Bxf5 13. Bd3 Qe8+ 14. Kf1 Qg6
15. Be2 Bc2 16. Qd2 Nd7 17. Nh4 Qe4 18. f3 Qe7 19. Ng2 Be4 20. Nxf4 Bxf3 21.
Bxf3 Ne5 22. Qe2 Bh6 23. Rg1+ Kh8 24. Qe4 Rae8 25. Bh5 Bxf4 26. Bxe8 Be3+ 27.
Ke2 Bxg1 28. Bf4 Rxf4 29. Qxf4 Ng6+ 0-1

[Event "Tradewise Gibraltar Chess Festival 2013"]
[Site "Gibraltar ENG"]
[Date "2013.01.23"]
[Round "2.59"]
[White "Bryn, Askild"]
[Black "Kuipers, Stefan"]
[Result "1-0"]
[WhiteElo "2019"]
[BlackElo "2431"]
[PlyCount "115"]
[EventDate "2013.01.22"]
[EventType "swiss"]
[EventRounds "10"]
[EventCountry "ENG"]
[Source "lmi"]
[SourceDate "2013.01.22"]

1. e4 c5 2. Nf3 Nc6 3. Bb5 d6 4. d4 cxd4 5. Qxd4 Bd7 6. Bxc6 Bxc6 7. c4 Nf6 8.
Nc3 e6 9. O-O Be7 10. b3 O-O 11. Bb2 Qa5 12. Qd3 Rfd8 13. Nd4 Rac8 14. Rfd1 Be8
15. Qg3 a6 16. Nd5 exd5 17. Nf5 Bf8 18. Bxf6 g6 19. Qh4 h5 20. Rxd5 Qc7 21.
Ne7+ Bxe7 22. Bxe7 Bc6 23. Rxh5 Qxe7 24. Rh8+ Kg7 25. Rh7+ Kf8 26. Rh8+ Kg7 27.
Qxe7 Rxh8 28. f3 Rcd8 29. Rd1 Rd7 30. Qg5 Re8 31. Rd4 Kf8 32. Kf2 Re5 33. Qh6+
Ke7 34. g4 Ra5 35. Rd2 g5 36. h4 gxh4 37. Qxh4+ f6 38. Qh7+ Kf8 39. Qh8+ Kf7
40. Kg3 Rg5 41. Rh2 Rg7 42. Rh7 Rxh7 43. Qxh7+ Kf8 44. Qh6+ Kf7 45. Kf4 Re7 46.
Qh7+ Kf8 47. Qh8+ Kf7 48. Qd8 Rd7 49. Qb6 Re7 50. a4 Rd7 51. Qb4 Ke6 52. Qa3 a5
53. Qb2 Rd8 54. Qd4 Rg8 55. Kg3 Rg7 56. Qb6 Rg5 57. f4 Rc5 58. Qd8 1-0

[Event "Tradewise Gibraltar Chess Festival 2013"]
[Site "Gibraltar ENG"]
[Date "2013.01.23"]
[Round "2.60"]
[White "Moreno Tejera, Emilio"]
[Black "Nafri, Khalil"]
[Result "1-0"]
[WhiteElo "2413"]
[BlackElo "2091"]
[PlyCount "85"]
[EventDate "2013.01.22"]
[EventType "swiss"]
[EventRounds "10"]
[EventCountry "ENG"]
[Source "lmi"]
[SourceDate "2013.01.22"]

1. e4 c5 2. Nf3 Nc6 3. d4 cxd4 4. Nxd4 g6 5. Nc3 Bg7 6. Be3 Nf6 7. Bc4 O-O 8.
Bb3 a5 9. O-O d6 10. f3 Bd7 11. Ndb5 Ne5 12. Qe2 Bc6 13. Rad1 Qc8 14. a3 Bxb5
15. Nxb5 a4 16. Ba2 Qc6 17. Kh1 Rfc8 18. Na7 Rxa7 19. Bxa7 b6 20. f4 Qb7 21.
fxe5 dxe5 22. Bxb6 Qxb6 23. c3 e6 24. Bb1 Qb7 25. Rd2 Nd7 26. Rfd1 Rc7 27. Bc2
Bh6 28. Rd3 Nc5 29. Rd8+ Kg7 30. Rb1 Bf4 31. Qc4 Bg5 32. Rdd1 f5 33. exf5 exf5
34. Bxa4 Qa7 35. Bb5 Ne4 36. Qxc7+ Qxc7 37. Rd7+ Qxd7 38. Bxd7 Nc5 39. Bc6 Nb3
40. Bd5 Nd2 41. Re1 e4 42. a4 Bd8 43. Re2 1-0

[Event "Tradewise Gibraltar Chess Festival 2013"]
[Site "Gibraltar ENG"]
[Date "2013.01.23"]
[Round "2.61"]
[White "Milliet, Sophie"]
[Black "Hutton, Jack"]
[Result "1-0"]
[WhiteElo "2403"]
[BlackElo "2017"]
[PlyCount "67"]
[EventDate "2013.01.22"]
[EventType "swiss"]
[EventRounds "10"]
[EventCountry "ENG"]
[Source "lmi"]
[SourceDate "2013.01.22"]

1. e4 e6 2. d4 d5 3. Nc3 Nf6 4. e5 Nfd7 5. f4 c5 6. Nf3 Nc6 7. Be3 Be7 8. Qd2
O-O 9. Be2 a6 10. a3 b5 11. Nd1 Qb6 12. c3 a5 13. O-O Ba6 14. Bf2 b4 15. Bxa6
Qxa6 16. f5 bxc3 17. bxc3 exf5 18. Ne3 cxd4 19. cxd4 Nb6 20. Nxf5 Nc4 21. Qf4
Qc8 22. Bh4 Bxh4 23. N3xh4 Qd8 24. Rf3 Ne7 25. Nxe7+ Qxe7 26. Nf5 Qe6 27. Rg3
g6 28. Rf1 f6 29. Qh6 Ra7 30. Rxg6+ hxg6 31. Qxg6+ Kh8 32. Qh6+ Kg8 33. Rf3 Kf7
34. Qh5+ 1-0

[Event "Tradewise Gibraltar Chess Festival 2013"]
[Site "Gibraltar ENG"]
[Date "2013.01.23"]
[Round "2.62"]
[White "Karavade, Eesha"]
[Black "Novoa, Fernando"]
[Result "1-0"]
[WhiteElo "2391"]
[BlackElo "2017"]
[PlyCount "61"]
[EventDate "2013.01.22"]
[EventType "swiss"]
[EventRounds "10"]
[EventCountry "ENG"]
[Source "lmi"]
[SourceDate "2013.01.22"]

1. d4 d5 2. c4 e6 3. Nc3 Nf6 4. cxd5 exd5 5. Bg5 Be7 6. e3 c6 7. Bd3 Nbd7 8.
Qc2 Nh5 9. Bxe7 Qxe7 10. Nge2 Nb6 11. O-O g6 12. Rae1 O-O 13. Kh1 f5 14. Ng1
Be6 15. Nf3 Rae8 16. Ne2 Qd6 17. Qc1 Bc8 18. Nf4 Nxf4 19. exf4 Nd7 20. g3 b6
21. Re3 Nf6 22. Rfe1 Bd7 23. Ne5 Kg7 24. f3 Kg8 25. Kg2 Kg7 26. R1e2 Re6 27. h3
Nh5 28. Qe1 Rfe8 29. Nxd7 Rxe3 30. Rxe3 Rxe3 31. Qxe3 1-0

[Event "Tradewise Gibraltar Chess Festival 2013"]
[Site "Gibraltar ENG"]
[Date "2013.01.23"]
[Round "2.63"]
[White "Vojinovic, Jovana"]
[Black "Gromovs, Sergejs"]
[Result "1-0"]
[WhiteElo "2359"]
[BlackElo "2001"]
[PlyCount "81"]
[EventDate "2013.01.22"]
[EventType "swiss"]
[EventRounds "10"]
[EventCountry "ENG"]
[Source "lmi"]
[SourceDate "2013.01.22"]

1. d4 Nf6 2. c4 g6 3. Nc3 Bg7 4. e4 O-O 5. Nf3 d6 6. Be2 e5 7. Be3 exd4 8. Nxd4
Re8 9. f3 Nc6 10. Nxc6 bxc6 11. Qd2 c5 12. Rd1 Bb7 13. O-O Bc6 14. Rfe1 Qb8 15.
Bf1 a5 16. Kh1 a4 17. Nb5 Qb6 18. Qc2 Nd7 19. Rb1 Qb7 20. b3 axb3 21. Rxb3 Qc8
22. Bc1 f5 23. Ra3 Rxa3 24. Bxa3 Qb7 25. Rb1 Nb6 26. exf5 gxf5 27. Qxf5 Re5 28.
Qf4 Re6 29. Bb2 Be8 30. Bxg7 Kxg7 31. Bd3 Bg6 32. Qg4 Re3 33. Be4 Qa6 34. Qf4
Re2 35. Nxc7 Qxc4 36. Qxd6 Rxe4 37. fxe4 Na4 38. Ne6+ Kf6 39. Nxc5+ Kg5 40.
Qe5+ Kh4 41. Ne6 1-0

[Event "Tradewise Gibraltar Chess Festival 2013"]
[Site "Gibraltar ENG"]
[Date "2013.01.23"]
[Round "2.64"]
[White "Montero Melendez, Rafael"]
[Black "Onabogun, Kolade"]
[Result "1-0"]
[WhiteElo "2316"]
[BlackElo "1978"]
[PlyCount "83"]
[EventDate "2013.01.22"]
[EventType "swiss"]
[EventRounds "10"]
[EventCountry "ENG"]
[Source "lmi"]
[SourceDate "2013.01.22"]

1. g3 f5 2. d4 Nf6 3. Bg2 e6 4. Nf3 Be7 5. c4 O-O 6. O-O Ne4 7. Nbd2 d5 8. b3
Nd7 9. Bb2 c6 10. Rc1 Bd6 11. Ne1 Nxd2 12. Qxd2 a5 13. Nd3 Qe7 14. Bc3 b6 15.
cxd5 exd5 16. b4 axb4 17. Bxb4 Bb7 18. Bxd6 Qxd6 19. Qb4 Rf6 20. Rc2 Ra5 21.
Rfc1 g6 22. Qd2 Ra4 23. Nf4 Kg7 24. Qe3 c5 25. dxc5 bxc5 26. Qb3 Rb4 27. Qa3
Rf8 28. Rxc5 Rb5 29. R5c3 Qxa3 30. Rxa3 Rf6 31. h4 Rfb6 32. Rc7 Rd6 33. Ra7 Bc6
34. Bxd5 Rb1+ 35. Kh2 Kf6 36. Rxc6 Rxc6 37. Bxc6 Ne5 38. Bf3 h6 39. Ra6+ Kf7
40. Nd3 Nd7 41. Kg2 Nb6 42. a4 1-0

[Event "Tradewise Gibraltar Chess Festival 2013"]
[Site "Gibraltar ENG"]
[Date "2013.01.23"]
[Round "2.65"]
[White "Dimitrijevic, Dragan"]
[Black "Kvisvik, Brede"]
[Result "0-1"]
[WhiteElo "1896"]
[BlackElo "2314"]
[PlyCount "110"]
[EventDate "2013.01.22"]
[EventType "swiss"]
[EventRounds "10"]
[EventCountry "ENG"]
[Source "lmi"]
[SourceDate "2013.01.22"]

1. d4 Nf6 2. Nf3 e6 3. g3 d5 4. Bg2 Nbd7 5. O-O Be7 6. c4 c6 7. Qc2 O-O 8. b3
Ne4 9. Nfd2 f5 10. f3 Nxd2 11. Nxd2 f4 12. gxf4 Rxf4 13. e3 Bf6 14. Bb2 Rh4 15.
f4 Rh6 16. Nf3 Nf8 17. Ne5 Bd7 18. Ba3 Be8 19. Rad1 Bh5 20. Rd2 Ng6 21. Bh3
Nxe5 22. dxe5 Be7 23. Bxe7 Qxe7 24. Bg2 Qh4 25. Bh1 Qh3 26. e4 Qe3+ 27. Rdf2
Rg6+ 28. Bg2 Qxe4 29. Qxe4 dxe4 30. Re1 Rd8 31. Rxe4 Rd1+ 32. Rf1 Bf3 33. Rxd1
Rxg2+ 34. Kf1 Bxe4 35. Re1 Rxh2 36. Rxe4 Kf7 37. c5 Kg6 38. Ra4 a6 39. Rb4 Rxa2
40. Rxb7 Rc2 41. b4 Rc4 42. Kf2 Rxf4+ 43. Ke3 Rf7 44. Rb6 Rc7 45. Ke4 h5 46.
Rxa6 Kg5 47. Ra1 Rb7 48. Rg1+ Kh6 49. Rb1 h4 50. Kd4 Rb5 51. Kc4 Kh5 52. Rd1 h3
53. Rd8 Kg4 54. Rc8 h2 55. Rxc6 Rb8 0-1

[Event "Tradewise Gibraltar Chess Festival 2013"]
[Site "Gibraltar ENG"]
[Date "2013.01.23"]
[Round "2.66"]
[White "Boesch, Heinz"]
[Black "Stockmann, Michael"]
[Result "0-1"]
[WhiteElo "1904"]
[BlackElo "2312"]
[PlyCount "34"]
[EventDate "2013.01.22"]
[EventType "swiss"]
[EventRounds "10"]
[EventCountry "ENG"]
[Source "lmi"]
[SourceDate "2013.01.22"]

1. c4 e6 2. g3 Nf6 3. Bg2 d5 4. cxd5 exd5 5. Nf3 Bd6 6. Nc3 O-O 7. O-O a6 8. d3
Re8 9. Bg5 h6 10. Bxf6 Qxf6 11. Nxd5 Qxb2 12. e4 Nc6 13. Re1 Bg4 14. h3 Bxf3
15. Bxf3 Nd4 16. Rb1 Qxa2 17. Rxb7 Qxd5 0-1

[Event "Tradewise Gibraltar Chess Festival 2013"]
[Site "Gibraltar ENG"]
[Date "2013.01.23"]
[Round "2.67"]
[White "Loew, Gerald"]
[Black "Rydell, Marten"]
[Result "1/2-1/2"]
[WhiteElo "2231"]
[BlackElo "1960"]
[PlyCount "60"]
[EventDate "2013.01.22"]
[EventType "swiss"]
[EventRounds "10"]
[EventCountry "ENG"]
[Source "lmi"]
[SourceDate "2013.01.22"]

1. c4 Nf6 2. g3 c5 3. Bg2 g6 4. Nc3 Bg7 5. e4 d6 6. Nge2 Nc6 7. d3 a6 8. O-O
O-O 9. h3 Rb8 10. a4 Bd7 11. Be3 Ne8 12. d4 cxd4 13. Nxd4 Nc7 14. Nd5 Ne8 15.
Qd2 e6 16. Nb4 Na5 17. Qd3 Nc6 18. Nbc2 Rc8 19. b3 Kh8 20. Kh2 e5 21. Nxc6 Bxc6
22. a5 f5 23. b4 fxe4 24. Bxe4 Bxe4 25. Qxe4 d5 26. cxd5 Nd6 27. Qd3 e4 28. Qd1
Bxa1 29. Qxa1+ Kg8 30. Nd4 Qd7 1/2-1/2

[Event "Tradewise Gibraltar Chess Festival 2013"]
[Site "Gibraltar ENG"]
[Date "2013.01.23"]
[Round "2.68"]
[White "Tranter, Stephen"]
[Black "Spence, David J"]
[Result "1/2-1/2"]
[WhiteElo "1938"]
[BlackElo "2226"]
[PlyCount "61"]
[EventDate "2013.01.22"]
[EventType "swiss"]
[EventRounds "10"]
[EventCountry "ENG"]
[Source "lmi"]
[SourceDate "2013.01.22"]

1. e4 e6 2. b3 d5 3. Bb2 dxe4 4. Nc3 Nf6 5. Qe2 Bd7 6. g4 h6 7. Bg2 Bc6 8. h4
Nbd7 9. Nh3 Ne5 10. Nxe4 Nexg4 11. Nxf6+ Nxf6 12. Bxc6+ bxc6 13. Rg1 a5 14. a4
Rg8 15. Qc4 Kd7 16. O-O-O Bd6 17. Nf4 Qb8 18. Nd3 Qb6 19. Rde1 Ne8 20. f4 Qa6
21. Nc5+ Bxc5 22. Qxc5 Qb6 23. Qh5 g6 24. Qxh6 Nd6 25. Qh7 Qb8 26. Be5 Qf8 27.
h5 gxh5 28. Qxh5 Rxg1 29. Rxg1 Nf5 30. Qf3 Qc5 31. Rh1 1/2-1/2

[Event "Tradewise Gibraltar Chess Festival 2013"]
[Site "Gibraltar ENG"]
[Date "2013.01.23"]
[Round "2.70"]
[White "Fairbairn, Stephen"]
[Black "Cramling, Pia"]
[Result "0-1"]
[WhiteElo "2021"]
[BlackElo "2518"]
[PlyCount "104"]
[EventDate "2013.01.22"]
[EventType "swiss"]
[EventRounds "10"]
[EventCountry "ENG"]
[Source "lmi"]
[SourceDate "2013.01.22"]

1. d4 Nf6 2. Nf3 e6 3. Bf4 b6 4. e3 Bb7 5. Bd3 c5 6. O-O Be7 7. h3 O-O 8. Nbd2
cxd4 9. exd4 d6 10. c3 Nbd7 11. Qe2 Re8 12. Ba6 Qc8 13. Bxb7 Qxb7 14. Rfe1 b5
15. Rac1 Rac8 16. Qd3 Bf8 17. Ng5 Qd5 18. Qb1 h6 19. Nge4 Nxe4 20. Nxe4 Rc6 21.
Nd2 Rec8 22. a3 a5 23. Qe4 Qxe4 24. Nxe4 d5 25. Ng3 Nb6 26. Ne2 g5 27. Be3 Nc4
28. Rb1 b4 29. axb4 axb4 30. cxb4 Bxb4 31. Red1 Rb8 32. Nc1 Ba3 33. b3 Nd6 34.
Nd3 Nb5 35. Ne5 Rc2 36. Rf1 Nc3 37. Ra1 Rxb3 38. h4 Kg7 39. hxg5 hxg5 40. Kh2
f6 41. Nd7 Ne4 42. Kg1 Rc7 43. Nb8 Rc8 44. Nd7 Rc7 45. Nb8 Kg6 46. Rfb1 Rcb7
47. Rxb3 Rxb3 48. Nd7 Kf7 49. Nc5 Nxc5 50. dxc5 Ke7 51. Ra2 Kd7 52. Rc2 Kc6 0-1